| 000 | 00359nam a2200133Ia 4500 | ||
|---|---|---|---|
| 008 | 240624s9999 xx 000 0 und d | ||
| 041 | _aeng | ||
| 082 | _a658.407124 DOT | ||
| 100 | _aDOTLICH DAVID L | ||
| 245 | _aACTION LEARNING HOW THE WORLD S TOP COMP | ||
| 260 |
_c1998 _aSan Francisco _bJossey-Bass |
||
| 300 | _axxi, : 214 : p. : cm. ; 23 | ||
| 365 |
_c _b35 |
||
| 999 |
_c8167 _d8167 |
||